000 00503nam a2200097Ia 4500
008 170517s9999 xx 000 0 und d
245 _aTapped
300 _aExamines the role of the bottled water industry and its effects on our health, climate change, pollution, and our reliance on oil. The documentary is well structured and presents an overwhelming amount of evidence which will change the way anyone thinks about bottled...
650 _xTechnology.
856 _uhttp://topdocumentaryfilms.com/tapped/
999 _c335094
_d335094